歴代ジブリ映画 - Statistics

General Stats
  • This quiz has been taken 516 times
  • The average score is 12 of 22
Answer Stats
公開日 タイトル 興行収入 % Correct
1988年4月16日 となりのトトロ 5.9億円
94%
2001年7月20日 千と千尋の神隠し 304億円
92%
2008年7月19日 崖の上のポニョ 155億円
79%
2004年11月20日 ハウルの動く城 196億円
77%
1986年8月2日 天空の城ラピュタ 5.8億円
75%
1997年7月12日 もののけ姫 193億円
75%
1989年7月29日 魔女の宅急便 21.5億円
68%
2013年7月20日 風立ちぬ 116.1億円
63%
2006年7月29日 ゲド戦記 76.5億円
62%
1992年7月18日 紅の豚 28億円
60%
1994年7月16日 平成狸合戦ぽんぽこ 26.5億円
60%
2002年7月20日 猫の恩返し 64.6億円
56%
1988年4月16日 火垂るの墓 5.9億円
54%
2010年7月17日 借りぐらしのアリエッティ 92.5億円
54%
1995年7月15日 耳をすませば 18.5億円
51%
2011年7月16日 コクリコ坂から 44.6億円
44%
2014年7月19日 思い出のマーニー 35.3億円
43%
2013年11月23日 かぐや姫の物語 24.7億円
32%
1991年7月20日 おもひでぽろぽろ 18.7億円
31%
1999年7月17日 ホーホケキョ となりの山田くん 7.9億円
29%
2021年8月27日 劇場版 アーヤと魔女 2.4億円
16%
2016年9月17日 レッドタートル ある島の物語 0.9億円
6%
No matching quizzes found
Score Distribution
Percent of People with Each Score
Percentile by Number Answered
Your Score History
You have not taken this quiz